| 000 | 00427nam a2200169 a 4500 | ||
|---|---|---|---|
| 001 | 21846 | ||
| 003 | CO-ViMGA | ||
| 008 | 141112s2004 ck r 000 u spa d | ||
| 040 |
_aCO-ViMGA _bspa _cCO-ViMGA |
||
| 082 | _aOSBb | ||
| 100 | 1 |
_aOsbern, Steve _96550 |
|
| 245 | 1 | 0 | _aThe bremen town musicians |
| 260 |
_aCalifornia : _bAddison - Wesley, _c1992 |
||
| 300 | _a14p | ||
| 650 | 1 | 4 |
_aCUENTOS INFANTILES _92743 |
| 942 |
_2ddc _cBK |
||
| 999 |
_c11618 _d11618 |
||